| 000 | 01158nam a2200301 i 4500 | ||
|---|---|---|---|
| 001 | 197073 | ||
| 003 | ES-MaACL | ||
| 005 | 20250331163245.0 | ||
| 007 | ta | ||
| 008 | 250328s1949 fr ao|||| 000|0 fre|d | ||
| 024 | _a0000465512 | ||
| 035 | _aRebiun11817860 | ||
| 040 |
_bspa _cES-MaACL |
||
| 245 | 0 | 0 |
_aNouveau précis de pathologie chirurgicale. _nTomo V, _pPathologie de L'Abdomen / _cJ. Patel, secrétaire de rédaction |
| 246 | _aPathologie de L'Abdomen | ||
| 260 |
_aParis : _bMasson, _c1949. |
||
| 300 |
_a955 p. : _bil. ; _c22 cm |
||
| 336 |
_2rdacontent _atexto |
||
| 337 |
_2rdamedia _asin mediación |
||
| 338 |
_2rdacarrier _avolumen |
||
| 650 | 7 |
_aAbdomen- _xCirugía _9146902 |
|
| 700 |
_aPatel, Jean-Claude _9239916 |
||
| 852 |
_aES-MaACL _bR.30159 _bR.M.5899 _cSVI _dE/M-151 _jD-6304 _fSello en tinta azul de la Biblioteca del Ateneo de Madrid _xEncuadernación en tela verde. _9204917 |
||
| 942 |
_n0 _cMONOGRAFIA |
||
| 999 |
_c197073 _d197073 |
||